| 000 | 02051nab a22002777a 4500 | ||
|---|---|---|---|
| 999 |
_c5667 _d5667 |
||
| 003 | OSt | ||
| 005 | 20251226215225.0 | ||
| 008 | 190603e xxum|||| |||| 00| 0 spa d | ||
| 040 | _cPJ | ||
| 100 |
_96387 _aLeiva, Claudio Fabricio |
||
| 245 | 1 | 3 |
_aLa responsabilidad por daños causados por animales: otra vez sobre la "categoría" del daño estético y la búsqueda de la reparación plena / _cClaudio Fabricio Leiva. |
| 260 |
_cCiudad Autónoma de Buenos Aires : _aThomson Reuters La Ley, _b2025. |
||
| 300 | _ap. 228-239 | ||
| 500 | _aCita: TR LALEY AR/DOC/1057/2025 Publicado en: RCCyC 2025 (junio). | ||
| 505 | _aSumario: I. Objetivos del presente comentario.— II. Plataforma fáctica del caso: hechos invocados en la demanda y en la contestación. Los hechos controvertidos de acuerdo con las posiciones asumidas por las partes.— III. La sentencia de primera instancia y los agravios vertidos por las partes en sus respectivos recursos de apelación. La decisión de la Cámara y sus argumentos centrales.— IV. Algunos aspectos relevantes de la responsabilidad por daños causados por animales en el régimen del Cód. Civ. y Com.— V. El daño resarcible y la clasificación de los daños.— VI. La consecuencia dañosa como objeto de reparación: categorías de daños. El daño estético: carácter patrimonial o no patrimonial de la consecuencia lesiva.— VII. Conclusiones. | ||
| 505 | _aFallo comentado: CNCiv., sala D ~ 18/09/2024 ~ Demiddi, Rocío c. Argento, Sergio Hugo s/ daños y perjuicios. | ||
| 505 | _t¿Te interesa el texto completo? Solicitalo al correo: koha@justierradelfuego.gov.ar | ||
| 650 | 0 |
_91497 _aCODIGO CIVIL Y COMERCIAL |
|
| 650 | 0 |
_91467 _aRESPONSABILIDAD CIVIL |
|
| 650 | 0 |
_92823 _aDAÑOS Y PERJUICIOS |
|
| 650 | 0 |
_93332 _aDAÑO RESARCIBLE |
|
| 650 | 0 |
_93452 _aDAÑO CAUSADO POR ANIMALES |
|
| 650 | 0 |
_93565 _aDAÑO ESTÉTICO |
|
| 773 | 0 |
_02713 _93170 _dCiudad Autónoma de Buenos Aires : Thomson Reuters La Ley, 2015- _tRevista Código Civil y Comercial. Nº 3 - Junio 2025 |
|
| 942 |
_2udc _cANA |
||